| 000 | 00476nam a2200181 a 4500 | ||
|---|---|---|---|
| 001 | 000012043 | ||
| 005 | 20200929162654.0 | ||
| 008 | 091104s1974 sp a 000 0 spa d | ||
| 040 |
_aDO-SdBNP _bspa _cBNPHU |
||
| 082 |
_axxx _bM516b |
||
| 100 | 1 |
_aMejía, Abigail _928484 |
|
| 245 | 1 | 0 |
_aBrotes de la raza / _cAbigail Mejía. |
| 260 |
_aBarcelona : _bAraluce, _c1974. |
||
| 300 |
_a167 p. : _bil. ; _c16 cm. |
||
| 490 | 1 | _aAraluce | |
| 830 | 0 |
_aAraluce _928485 |
|
| 049 | _aBNPD | ||
| 999 |
_c11711 _d11711 |
||